000 00502nam a2200157 i 4500
001 58741
003 ES-MaACL
005 20230906163856.0
007 t|
008 031023s1963 sp ||||1| spa d
245 0 0 _aEfigies y firmas de los Reyes de España
_b: reproducidos en forograbados /
_cpor F. Sánchez Cano.
260 _aMadrid :
_b[s.n.,
_c1963] (
_fGraf. García Blanco)
300 _a8 h., 95 lám. ;
_c21 cm.
700 1 _aSánchez Cano, F.
_9102520
852 _aES-MaACL
_jC-24344
_bR.53174
999 _c58741
_d58741